Súčasné metódy získavania a výberu zamestnancov diplomová práca

Gespeichert in:
Bibliographische Detailangaben
1. Verfasser: Štefková, Nikola
Körperschaft: Fakulta podnikového manažmentu EU. Katedra manažmentu
Weitere Verfasser: Joniaková, Zuzana, 1970-
Format: Buch
Sprache:Slowakisch
Veröffentlicht: Bratislava 2018
Tags: Tag hinzufügen
Keine Tags, Fügen Sie das erste Tag hinzu!

MARC

LEADER 00000nbm a2200000 4500
001 0244623
005 20180920131823.4
041 0 |a slo 
044 |a SK 
245 1 0 |a Súčasné metódy získavania a výberu zamestnancov  |b diplomová práca  |c Nikola Štefková ; školiteľ: Zuzana Joniaková 
264 1 |a Bratislava  |c 2018 
300 |a 72 s. 
100 1 |a Štefková, Nikola 
700 1 |a Joniaková, Zuzana, 1970- 
710 2 |a Fakulta podnikového manažmentu EU. Katedra manažmentu